000 00559nam a2200205Ia 4500
005 20260429112052.0
008 260429s9999||||xx |||||||||||||| ||und||
020 _a9781071635353
041 _aEnglish
082 _a579.2
_bPER
100 _aPerez, Daniel R.
245 0 _aReverse genetics of rna viruses :
_bmethods and protocols /
_cDaniel R. Perez
250 _a2nd ed.
260 _aNew Jersey :
_bHumana Press,
_c2024.
300 _ax, 272 p.; pbk
650 _a Reverse genetics
650 _a Virology
650 _aRNA viruses
942 _cTB
999 _c52188
_d52188